| 000 | 00752nam a2200289 a 4500 | ||
|---|---|---|---|
| 003 | AR-BaBNM | ||
| 005 | 20251128205044.0 | ||
| 008 | 082120s2002 ||||||||||||||000 | spa|| | ||
| 020 | _a950-581-218-3 | ||
| 040 | _cAR-BaBNM | ||
| 100 | 1 | _aTulián, Aldo | |
| 245 | 0 | 0 | _aFestival con variaciones |
| 260 |
_aBuenos Aires _bColihue _c1995 |
||
| 300 |
_a89 p. _bil. |
||
| 490 | 0 |
_aLa Movida _vv. 11 |
|
| 500 | _aContiene biografía del autor en p. 91 | ||
| 650 | 4 | _aLITERATURA INFANTIL | |
| 650 | 4 | _aAMOR | |
| 650 | 4 | _aBARRIOS | |
| 651 | 4 | _aBuenos Aires [Provincia] | |
| 653 | _aCUENTOS DE HUMOR | ||
| 655 | _aLITERATURA | ||
| 700 | 1 |
_aDamiani, Gustavo _eilustrador |
|
| 800 | 1 |
_aDe Santis, Pablo _edirector |
|
| 942 | _cBK | ||
| 998 | _claura | ||
| 999 |
_c9806 _d9806 |
||